000
00329nam a2200133Ia 4500
008
230818s1999 xx 000 0 und d
041
_a
eng
100
_a
Creoles
245
_a
Exotic Desserts From Confections
260
_b
Konemann Pub Bonner
_c
1999
300
_a
215p
520
_a
Reference Copy
999
_c
851939
_d
851939
650
_a
Food Production